000
00349 a2200157 4500
001
71235
020
_a
040
_c
Anchieta - Colégio São Paulo
100
_a
Murray, Roseana
240
1
0
_a
O traço e a traça
_l
por
245
1
0
_a
O traço e a traça
300
_a
31
362
0
_a
1984
650
4
_a
Literatura infanto-juvenil
942
_c
BK
999
_c
71235
_d
71235